Kĩ thuật sản xuất giống và nuôi tôm càng xanh

שמור ב:
מידע ביבליוגרפי
מחבר ראשי: Lương Đình Trung
פורמט: ספר
שפה:Undetermined
יצא לאור: Hà Nội Nông nghiệp 1999
נושאים:
תגים: הוספת תג
אין תגיות, היה/י הראשונ/ה לתייג את הרשומה!
Thư viện lưu trữ: Trung tâm Học liệu Trường Đại học Cần Thơ
LEADER 00592nam a2200193Ia 4500
001 CTU_37334
008 210402s9999 xx 000 0 und d
020 |b 7.200đ 
082 |a 639.543 
082 |b Tr513 
100 |a Lương Đình Trung 
245 0 |a Kĩ thuật sản xuất giống và nuôi tôm càng xanh 
245 0 |c Lương Đình Trung 
260 |a Hà Nội 
260 |b Nông nghiệp 
260 |c 1999 
650 |a fish-culture,shrimps 
904 |i Nguyễn Quang Điền, 000717 
980 |a Trung tâm Học liệu Trường Đại học Cần Thơ